| 000 | 01761cam a22004814i 4500 | ||
|---|---|---|---|
| 003 | PE-LiUPU | ||
| 005 | 20250731173530.0 | ||
| 008 | 150616s1994 na r 000 0 eng d | ||
| 020 | _a0830816925 | ||
| 035 | _a(Sirsi) i9780830816927 | ||
| 040 |
_aPE-LiUPU _bspa _cPE-LiUPU _erda |
||
| 049 | _aPRUA | ||
| 082 | 0 | 4 |
_a227.1077 _bS82 _221 |
| 100 | 1 |
_aStott, John R. W., _eautor. |
|
| 245 | 1 | 0 |
_aRomans; God's good news for the World / _cJohn R. W. Stott. |
| 264 | 1 |
_aIllinois : _bInterVarsity Press, _c1994. |
|
| 300 |
_a432 páginas ; _c23 centímetros |
||
| 336 |
_atext _2rdacontent |
||
| 337 |
_aunmediated _2rdamedia |
||
| 338 |
_avolume _2rdacarrier |
||
| 490 | 0 | _aThe Bible Speaks Today | |
| 504 | _aIncluye bibliografía. | ||
| 505 | 0 | _aThe gospel of God and Paul's eagerness to share it (1:1-17) -- The wrath of God against all -- The grace of God in the gospel -- The plan of God for Jews and gentiles -- The will of God for change relationship | |
| 526 | _aSEG42 | ||
| 526 | _aSEG41 | ||
| 526 | _aSEG40 | ||
| 526 | _aSEG39 | ||
| 526 | _aP94 | ||
| 526 | _aP87 | ||
| 526 | _aP86 | ||
| 526 | _aP85 | ||
| 526 | _aP77 | ||
| 526 | _aP76 | ||
| 526 | _aP35 | ||
| 630 |
_aBiblia. _pN.T. _pRomanos _xComentarios. |
||
| 910 |
_ajck _bjvq _cjck |
||
| 942 |
_2ddc _cBOOK |
||
| 949 |
_a227.1077 S82 _wDEWEY _c1 _i42231 _d2016-5-20 _e2016-5-17 _lCCODEBUL1 _mBUL _n1 _r0 _sY _tBOOK _u2015-6-16 _xTEOLOGIA _zUNKNOWN _0COMPRA _o.STAFF. Colección Teología |
||
| 994 |
_aC0 _bPEPRU |
||
| 596 | _a1 | ||
| 999 |
_a227.1077 S82 _wDEWEY _c60062 _i42231 _d60062 _e2016-5-17 _f2021-11-9 _g4 _lCCODEBUL1 _mBUL _n1 _p20.00 _q2 _r0 _sY _tBOOK _u2015-6-16 _xTEOLOGIA _PP35 _0COMPRA _o.STAFF. Colección Teología |
||
| 980 |
_81 _gALBERTO SANCHEZ Responsable de Automatización |
||